Datum a čas kvízu
37
Celkem bodů
Celkový počet nahraných bodů na tomto kvízu bez doplňovacích otázek.
1.
Pořadí na kvízu
Konečné umístění týmu na tomto kvízu.
Zaznamenané odpovědi
| # | Otázka | Odpověď | Body | Výsledky |
|---|---|---|---|---|
| 1. | Jak se jmenuje sídlo na Uhersk... | D | 1 | |
| 2. | Předvolební boj na Slovensku s... | Igor Matovič, Robert Kaliňák | 1 | |
| 3. | V pátek měla na Netflixu premi... | Bory | 1 | |
| 4. | Ve které zemi vydal telekomuni... | ve Francii | 1 | |
| 5. | Která tenistka, světová jednič... | Simona Halep | 1 | |
| 6. | Anglický výraz GOAT zkracuje o... | Eddy Merckx | 1 | |
| 7. | Nejrychlejší muž planety a osm... | Carl Lewis | 1 | |
| 8. | Pokud se kohokoliv zeptáte na... | 1B 2C 3D 4A | 1 | |
| 9. | Do éry kralování Michaela Schu... | A | 1 | |
| 10. | V březnu 2023 tato americká ly... | Mikaela Shiffrin | 1 |